| 000 | 00671cam a22002413a 4500 | ||
|---|---|---|---|
| 001 | 20429 | ||
| 003 | PGUSA | ||
| 005 | 20140828083431.0 | ||
| 008 | 070124s2007||||xxu|||||s|||||000 1 eng d | ||
| 040 |
_aPGUSA _beng |
||
| 042 | _adc | ||
| 050 | 4 | _aPS | |
| 100 | 1 |
_aBartlett, Frederick Orin, _d1876-1945 |
|
| 245 | 1 | 4 |
_aThe Seventh Noon _h[electronic resource] / _cFrederick Orin Bartlett |
| 260 |
_bProject Gutenberg, _c2007 |
||
| 506 | _aPublic domain in the USA. | ||
| 516 | _aElectronic text | ||
| 653 | _aFiction | ||
| 700 | 1 |
_aFrederick, Edmund, _d1870- |
|
| 830 | 0 |
_aProject Gutenberg _v20429 |
|
| 856 | 4 | 0 | _uhttp://www.gutenberg.org/ebooks/20429 |
| 942 | _cEB | ||
| 999 |
_c249684 _d249684 |
||